| 000 | 01149nam a22002417a 4500 | ||
|---|---|---|---|
| 003 | 0 | ||
| 005 | 20251106140123.0 | ||
| 008 | 251106b xxu||||| |||| 00| 0 eng d | ||
| 020 | _a978-0-06-196827-3 | ||
| 050 |
_aPQ 9698.13.O354 _b.C672 2009 |
||
| 100 |
_aCoelho, Paulo, _eauthor. |
||
| 245 |
_aThe winner stands alone / _cPaulo Coelho ; translated from the Portuguese by Margaret Jull Costa. =246 3_ $a Winner stands alone : $b a novel [optional if displayed as novel] |
||
| 260 |
_aNew York : _bHarper, _c2009. |
||
| 300 |
_a341 pages ; _c17 cm. |
||
| 500 | _aOriginally published in Portuguese as "vencedor está só." Translation by Margaret Jull Costa. | ||
| 520 | _aSet during the Cannes Film Festival, the novel follows an obsessive millionaire whose extreme pursuit of success and love draws together an unexpected cast of characters, raising questions about fame, power, and the cost of ambition. | ||
| 546 | _aTranslated from Portuguese. | ||
| 650 |
_aFame _vFiction. |
||
| 650 |
_aMotion picture industry _vFiction. |
||
| 650 |
_aCelebrities _vFiction. |
||
| 700 |
_aCosta, Margaret Jull, _etranslator. |
||
| 942 |
_2lcc _cBK |
||
| 999 |
_c368476 _d368476 |
||